| 000 | 00384nam a2200157Ia 4500 | ||
|---|---|---|---|
| 008 | 230917s9999||||xx |||||||||||||| ||und|| | ||
| 020 | _cRs. 15.00 | ||
| 040 |
_e5011377 _aMAIN |
||
| 041 | _aEnglish | ||
| 082 | _a821.8 E46T:P | ||
| 100 | _aThomas, C T | ||
| 245 | 0 | _aPoetic tradition and Eliot's talent | |
| 260 |
_aBombay _bOrient Longman _c1975 |
||
| 300 | _a136 p. | ||
| 942 | _cBK | ||
| 999 |
_c10225 _d10225 |
||